|
|
|
|
| LEADER |
00000nam a2200000 4500 |
| 005 |
20110916131133.0 |
| 008 |
A10218s1980 ag || 000 0 spa d |
| 035 |
|
|
|a 2054
|
| 040 |
|
|
|a BUS
|d vLex
|
| 080 |
|
|
|a 343.226
|
| 080 |
|
|
|a 343.226
|
| 090 |
|
|
|c 2478
|d 2478
|
| 100 |
1 |
|
|a Leonfanti, Mara̕ Antonia.
|
| 245 |
1 |
0 |
|a Derecho de necesidad
|h [Recurso electrn̤ico] /
|c Mara̕ Antonia Leonfanti.
|
| 256 |
|
|
|a Servicio en ln̕ea.
|
| 260 |
|
|
|a Buenos Aires
|b Astrea,
|c 1980.
|
| 300 |
|
|
|a 254 p. ; 20 cm.
|
| 504 |
|
|
|a Bibliogr. : p. 249-254.
|
| 506 |
1 |
|
|a Contenido solo disponible en los productos indicados
|d vLex Global
|d vLex Global (Academic Edition, excluding Law Schools)
|d vLex Global (U.S. Academic Edition, Law Schools)
|d vLex Global (U.S. Academic Edition, excluding Law Schools)
|d vLex Global (Academic Edition, Law Schools)
|
| 650 |
0 |
4 |
|a Necesidad (Derecho) -
|z Argentina.
|
| 650 |
0 |
4 |
|a Necesidad (Derecho)
|
| 740 |
0 |
|
|a vLex Libros (Servicio en ln̕ea)
|
| 856 |
4 |
0 |
|u http://vlex.com/source/derecho-necesidad-2054
|z Acceso restringido
|
| 942 |
|
|
|c BOOK
|